Statystyki dla 20 największych miast we Francji

Kliknij tutaj aby rozwiązać quiz!

Ogólne statystyki

  • Ten quiz został rozwiązany 11 416 razy
  • Średni wynik to 8 z 20

Statystyki odpowiedzi

Liczba ludnościMiasto% Poprawnych
2 175 601Paryż
100%
868 277Marsylia
88%
518 635Lyon
84%
341 032Nicea
63%
257 068Bordeaux
60%
233 098Lille
50%
284 677Strasburg
47%
486 828Tuluza
44%
314 138Nantes
43%
290 053Montpellier
36%
217 728Rennes
34%
182 211Reims
24%
156 854Dijon
22%
173 089Saint-Étienne
17%
154 508Angers
15%
157 650Grenoble
15%
169 733Hawr
10%
149 633Nîmes
9%
176 198Tulon
8%
150 659Villeurbanne
3%

Rozkład punktacji

Percentyl według liczby udzielonych odpowiedzi

Procent ludzi z każdym wynikiem

Twoja historia wyników

Nie rozwiązałeś tego quizu